LEADER 00984cam0-22003251i-450- 001 990007847570403321 005 20111109094659.0 010 $a1-58488-050-3 035 $a000784757 035 $aFED01000784757 035 $a(Aleph)000784757FED01 035 $a000784757 100 $a20040108d2001----km-y0itay50------ba 101 0 $aeng 102 $aUS 200 1 $aDictionary of classical and theoretical mathematics$fedited by Catherine Cavagnaro and William T. Haight II 210 $aBoca Raton$cCRC Press$dİ2001 215 $a131 p.$d26 cm 225 1 $aComprehensive dictionary of mathematics 610 0 $aMatematica$aDizionari 676 $a510.3$v21$zita 702 1$aCavagnaro,$bCatherine 702 1$aHaight,$bWilliam T. 801 0$aIT$bUNINA$gREICAT$2UNIMARC 901 $aBK 912 $a990007847570403321 952 $aVI N 152$b39725$fFSPBC 959 $aFSPBC 996 $aDictionary of classical and theoretical mathematics$9671726 997 $aUNINA LEADER 02801nam 2200421 450 001 9910809882503321 005 20230629225831.0 010 $a3-7369-6501-X 035 $a(CKB)4940000000617022 035 $a(MiAaPQ)EBC6795539 035 $a(Au-PeEL)EBL6795539 035 $a(OCoLC)1283843944 035 $a(EXLCZ)994940000000617022 100 $a20220721d2021 uy 0 101 0 $aeng 135 $aurcnu|||||||| 181 $ctxt$2rdacontent 182 $cc$2rdamedia 183 $acr$2rdacarrier 200 10$aBehaviour of energetic coherent structures in turbulent pipe flow at high Reynolds numbers /$fZeinab Hallol 205 $a1st ed. 210 1$aGo?ttingen :$cCuvillier Verlag,$d[2021] 210 4$dİ2021 215 $a1 online resource (147 pages) 311 $a3-7369-7501-5 320 $aIncludes bibliographical references. 327 $aIntro -- Contents -- List of Figures -- List of Tables -- List of Symbols -- Chapter 1: Introduction -- 1.1 Motivation -- 1.2 Theoretical Background -- 1.3 Objectives of the Thesis -- 1.4 Outline of the Thesis -- Chapter 2: Experimental Facilities andMeasurements Techniques -- 2.1 CoLaPipe -- 2.2 Measurement Techniques -- Chapter 3: Influence of Calibration Methodson HWA Measurements -- 3.1 Theoretical Background -- 3.2 Experimental Setup -- 3.3 Results -- 3.4 Conclusion -- Chapter 4: Kinetic Energy Contributionof Coherent Structures in FullyDeveloped Turbulent Pipe Flowat High Reynolds Numbers -- 4.1 Experimental Background -- 4.2 Experimental Setup -- 4.3 Validation of Hot-Wire Measurements -- 4.4 Results -- Chapter 5: PIV Measurements in PipeFlow -- 5.1 Introduction -- 5.2 Experimental Setup -- 5.3 PIV Measurements Validation -- 5.4 Characterization of Turbulent Structures -- 5.5 Temporal-spatial Analysis -- 5.6 Quadrant Analysis -- Chapter 6: Two-dimensional Spectral Analysisin Pipe Flow -- 6.1 Introduction -- 6.2 Results -- 6.3 Conclusion -- Chapter 7: Proper Orthogonal DecompositionAnalysis (POD) -- 7.1 Introduction -- 7.2 Proper Orthogonal Decomposition -- 7.3 POD Analysis -- 7.4 Conclusion -- Chapter 8: Conclusions and Final Remarks -- 8.1 Comparison Between In-situ and Ex-situ CalibrationMethods -- 8.2 One-dimensional Spectral Analysis -- 8.3 Two-dimensional Spectral Analysis -- 8.3 Two-dimensional Spectral Analysis -- 8.4 Proper Orthogonal Decomposition Analysis -- 8.5 Recommendations for Future Work -- Bibliography. 606 $aTurbulence 615 0$aTurbulence. 676 $a532.0527 700 $aHallol$b Zeinab$01656024 801 0$bMiAaPQ 801 1$bMiAaPQ 801 2$bMiAaPQ 906 $aBOOK 912 $a9910809882503321 996 $aBehaviour of energetic coherent structures in turbulent pipe flow at high Reynolds numbers$94008657 997 $aUNINA